000 00834nmm a2200265 a 4500
001 ocm0002146951
003 TR-IsHL
005 20201028182510.0
008 190203s2018 tu tur
007 cr cn
020 _a9786051512754
035 _a2146951
_b(N$T)
050 0 4 _aPL248.Y556
_bK35 2018
090 0 4 _aPL248.Y556
_bK35 2018
100 1 _aYılmaz, Hüseyin
245 1 0 _aKalbimdeki yabancı
_h[electronic resource] /
_cHüseyin Yılmaz
260 _aİstanbul :
_bHayat Yayınları,
_c2018
300 _a309 p.
650 4 _aDil ve Edebiyat
650 4 _aLanguage and Literature
650 0 _aTürk romanı
650 0 _aTurkis fiction
650 7 _aLITERARY COLLECTIONS / Middle Eastern
_2bisacsh
856 4 0 _uhttp://search.ebscohost.com/login.aspx?direct=true&scope=site&db=e011xww&AN=2146951
999 _c20097
_d20097